[Event "GER-chT School WK Girls"]
[Site "Playchess.com INT"]
[Date "2020.06.17"]
[Round "6.1"]
[White "Gonzales, Rebecca"]
[Black "Henninger, Claire"]
[Result "0-1"]
[WhiteElo "1453"]
[BlackElo "1755"]
[PlyCount "76"]
[EventDate "2020.06.10"]
[EventType "team-swiss (blitz)"]
[EventRounds "7"]
[EventCountry "GER"]
[SourceTitle "EXT 2021"]
[Source "ChessBase"]
[SourceDate "2020.10.23"]
[SourceVersion "1"]
[SourceVersionDate "2020.10.23"]
[SourceQuality "1"]
[WhiteTeam "Bad Hersfeld Oberb"]
[BlackTeam "Freiburg St Ursela Gymn"]
[WhiteTeamCountry "GER"]
[BlackTeamCountry "GER"]

1. e4 c6 2. Nc3 d5 3. exd5 cxd5 4. d4 Nc6 5. Nf3 Bg4 6. Be2 Nf6 7. 0-0 e6 8. Bg5 h6 9. Bh4 Be7 10. h3 Bh5 11. Qd2 Ne4 12. Qd3 Bxh4 13. Nxe4 Bxf3 14. Qxf3 Nxd4 15. Qd3 Nxe2+ 16. Qxe2 dxe4 17. Qxe4 Bf6 18. Qxb7 0-0 19. Rad1 Qb8 20. Qc6 Qxb2 21. Rb1 Qc3 22. Qb7 Qc8 23. Qb3 Rb8 24. Qa3 Rxb1 25. Rxb1 Qxc2 26. Re1 Bd4 27. Rf1 Bb6 28. Qf3 Qxa2 29. Kh1 Qd5 30. Qe2 Rd8 31. Rc1 Qd2 32. Qc4 Qxf2 33. Rf1 Qc5 34. Qf4 Qf5 35. Qc4 Qe5 36. Qb4 Bc7 37. Rf4 Qxf4 38. Qxf4 Bxf4 0-1

[Event "GER-chT School WK Girls"]
[Site "Playchess.com INT"]
[Date "2020.06.10"]
[Round "2.1"]
[White "Gonzales, Rebecca"]
[Black "Lerndorfer, Lea"]
[Result "1-0"]
[WhiteElo "1453"]
[BlackElo "1400"]
[PlyCount "37"]
[EventDate "2020.06.10"]
[EventType "team-swiss (blitz)"]
[EventRounds "7"]
[EventCountry "GER"]
[SourceTitle "EXT 2021"]
[Source "ChessBase"]
[SourceDate "2020.10.23"]
[SourceVersion "1"]
[SourceVersionDate "2020.10.23"]
[SourceQuality "1"]
[WhiteTeam "Bad Hersfeld Oberb"]
[BlackTeam "Niederalteich St Gotth"]
[WhiteTeamCountry "GER"]
[BlackTeamCountry "GER"]

1. e4 e5 2. Nf3 d6 3. d4 f6 4. Nc3 exd4 5. Nxd4 Qe7 6. Bd3 c5 7. Ndb5 Kd8 8. 0-0 Qe5 9. Qf3 Nc6 10. Bf4 Nd4 11. Nxd4 Qxd4 12. Nb5 Qxb2 13. Bxd6 Bxd6 14. Nxd6 Ke7 15. Nf5+ Kf7 16. Bc4+ Be6 17. Rab1 Qxc2 18. Rxb7+ Kg6 19. Qg4# 1-0